00788nam a22002177a 4500003000500000005001700005008004100022010001000063011001000073035001000083040000900093100003000102245010000132260004000232300003000272502011300302650002700415650003100442650006600473700003100539CHAP20220329133954.0971013s1994 r 00010 d a13439 a14411 a18484 cCHAP00aAguilar Benítez, David. aSistema automatizado para la selección y administración de parques de maquinaria agrícola aChapingo, Méx. :bEl autor,c1994 a151 h.b: ilus.e+ anexos aTesis (Ing. Agr. Esp. en Mecánica Agrícola ) -- UACH. Departamento de Ingeniería Mecánica Agrícola14aMaquinaria agrícola.14aMecanización agrícola.14aProcesamiento automático de datos en maquinaria agrícola.0 aJuárez Peña, Silviano.